Noticia estadistica sobre Tejas, (Record no. 52332)

MARC details
000 -LEADER
fixed length control field 00779cam a22002291 4500
001 - CONTROL NUMBER
control field rc 01002505
003 - CONTROL NUMBER IDENTIFIER
control field DLC
005 - DATE AND TIME OF LATEST TRANSACTION
control field 20260227111906.0
008 - FIXED-LENGTH DATA ELEMENTS--GENERAL INFORMATION
fixed length control field 830211s1835 mx f000 0 spa
010 ## - LIBRARY OF CONGRESS CONTROL NUMBER
LC control number rc 01002505
035 ## - SYSTEM CONTROL NUMBER
System control number (OCoLC)9213954
040 ## - CATALOGING SOURCE
Original cataloging agency DLC
Transcribing agency TxArU
Modifying agency DLC
042 ## - AUTHENTICATION CODE
Authentication code premarc
050 00 - LIBRARY OF CONGRESS CALL NUMBER
Classification number F389
Item number .A45
100 1# - MAIN ENTRY--PERSONAL NAME
Personal name Almonte, Juan Nepomuceno,
Dates associated with a name 1803-1869.
245 10 - TITLE STATEMENT
Title Noticia estadistica sobre Tejas,
Statement of responsibility, etc. por Juan N. Almonte.
260 ## - PUBLICATION, DISTRIBUTION, ETC.
Place of publication, distribution, etc. Mexico,
Name of publisher, distributor, etc. Impreso por I. Cumplido,
Date of publication, distribution, etc. 1835.
300 ## - PHYSICAL DESCRIPTION
Extent 96, [4] p.
Other physical details 3 fold. tab.
Dimensions 15 cm.
500 ## - GENERAL NOTE
General note "Almonte's official report [as aide] to Santa Anna after extensive travel ... 1834."--C.W. Raines, Bibl. of Texas. Austin, 1896.
651 #0 - SUBJECT ADDED ENTRY--GEOGRAPHIC NAME
Geographic name Texas
General subdivision Description and travel.
651 #0 - SUBJECT ADDED ENTRY--GEOGRAPHIC NAME
Geographic name Texas
Form subdivision Statistics.

No items available.

Powered by Koha